000 01056nam0a22002771 4500
001 rc\1139872
005 20250622194201.0
035 _a(NLR Aleph) 006386488
090 _a5118322
_c5118322
100 _a20041129d1980 |||y0rusy50 ca
101 0 _arus
102 _aRU
105 _aa |||||||||
200 1 _aБыстродействующие графопостроители системы проектирования плат печатного монтажа
_fВ.А. Владимиров, Г.А. Сухомлинов, В.А. Цитульский
210 _aДубна
_cОИЯИ
_d1980
215 _a[1], 7 с.
_cил.
_d21
225 1 _aСообщения Объединенного института ядерных исследований
_v18-80-508
320 _aБиблиогр.: с. 7
700 1 _aВладимиров
_bВ.А.
701 1 _aСухомлинов
_bГ.А.
701 1 _aЦитульский
_bВ.А.
801 0 _aRU
_bNLR
_gpsbo
801 1 _aRU
_bELAR
_2rusmarc
852 _aNLR
_j81-6/1264
942 _cBOOK
980 _aNB